| 000 | 00821nam a2200265Ia 4500 | ||
|---|---|---|---|
| 003 | GCL | ||
| 008 | 140319s9999 xx 000 0 ara d | ||
| 040 |
_aGCL / _cGCL |
||
| 082 | 0 | 4 |
_aق _b928 _bا ا |
| 100 | 1 | _aابراهيم احمد العدوى | |
| 245 | 1 | 0 |
_aابن عبد الحكم رائد المؤرخين العرب / _cابراهيم احمد العدوى |
| 260 |
_a[S.N] : _bمكتبة الانجلوالمصرية ، _c1963 |
||
| 300 | _a216 ص | ||
| 490 | _a | ||
| 650 | 0 | 4 | _aمصر |
| 650 | 0 | 4 | _aتاريخ |
| 650 | 0 | 4 | _aالنيل |
| 650 | 0 | 4 | _aالمؤرخون المصريون |
| 650 | 0 | 4 | _aفتح العرب لمصر |
| 650 | 0 | 4 | _aالقاهرة |
| 650 | 0 | 4 | _aالمؤرخون العرب |
| 650 | 0 | 4 | _aالمؤرخون المسلمون |
| 650 | 0 | 4 | _aالفسطاط |
| 942 |
_2ddc _cBK |
||
| 999 |
_c37077 _d37077 |
||